000 01387nam0a22002891 4500
001 rc\2121870
005 20260407192011.0
035 _a(NLR Aleph) 006628286
090 _a7522936
_c7522936
100 _a20110829d1978 |||y0rusy50 ca
101 0 _arus
102 _aRU
105 _aa z |||||
200 1 _aАлгоритм переменного порядка и шага для численного решения жестких систем обыкновенных дифференциальных уравнений
210 _aНовосибирск
_cБ. и.
_d1978
215 _a20 с.
_cил.
_d20
225 1 _aАН СССР. Сибирское отд-ние ВЦ. Семинар. "Методы вычислительной и прикладной математики". Под рук. акад. Г.И. Марчука. Препринт
_v45
320 _aБиблиогр.: с. 19-20
700 1 _aАртемьев
_bС.С.
_gСергей Семенович
701 1 _aДемидов
_bГ.В.
_gГеоргий Владимирович
712 1 2 _a"Вычислительные методы прикладной математики", семинар
_eНовосибирск
_3RU\NLR\AUTH\8810125276
_9748006
801 0 _aRU
_bNLR
_gpsbo
801 1 _aRU
_bELAR
_2rusmarc
852 _aNLR
_j74-4/9957-45
899 _aRuMoRGB
_jБр 201/259
942 _cBOOK
980 _aNB